00402nam a2200121 4500245005100000100002200051260004100073300000900114490001500123082001700138952010800155999001700263 aSelected philosophical workscGeorgi Plekhanov aPlekhanov, Georgi a2nd ed.bMoscowcProgress Publishers a1974 av.; 22cm. a335.401bPLE 001040708GIFaNEHUbNEHUd2011-11-24l0o335.401 PLEp57758r2011-11-24 00:00:00t.1w2011-11-24yBK c35639d35639